000 00220nam a2200109Ia 4500
100 _a#N/A
942 _cBK
654 _adsp
245 _aDigital Signal Processing Demistified
260 _b#N/A
_c1997
546 _aENGLISH
999 _c24601
_d24601